[Event "Silver Lake Open-A 2019"]
[Site "Veliko Gradiste"]
[Date "2019.06.23"]
[Round "9.8"]
[White "Peng, Shunkai"]
[Black "Lajthajm, Borko"]
[Result "1-0"]
[WhiteElo "2244"]
[BlackElo "2433"]
[Annotator "TA"]
[PlyCount "107"]
[EventDate "2019.06.16"]
[EventType "swiss"]
[EventCountry "SRB"]
[SourceTitle "playchess.com"]
[Source "ChessBase"]
[SourceQuality "1"]

{[%evp 18,107,49,47,55,33,47,36,62,39,79,77,75,50,45,41,67,64,58,63,89,63,63,70,102,110,87,95,136,100,102,94,124,108,141,141,151,81,179,113,187,145,135,122,131,130,279,282,260,134,241,233,190,162,178,168,154,0,165,158,139,107,183,194,161,79,103,0,53,0,0,-4,-6,-8,0,0,201,0,625,606,581,552,29989,29990,29990,29991,29990,29991,29991,29992,29993,29983]} 1. e4 c5 2. Nf3 a6 3. c4 Nc6 4. d4 cxd4 5. Nxd4 e5 6. Nf5 Nf6 7. Nc3 d6 8. Ne3 Be7 9. Bd3 O-O 10. O-O Nd4 {B28: Sicilian: 2 Nf3 a6 (O'Kelly Variation)} (10... Be6 11. b3 Rc8 12. Bb2 Nd7 13. Qd2 Nc5 14. Rad1 Bg5 15. Bb1 Qa5 16. f3 b5 17. cxb5 axb5 18. Qf2 {1-0 (55) Maslak,K (2510)-Kuderinov,K (2414) St Petersburg 2007}) 11. Rb1 $146 ({Predecessor:} 11. Ned5 Nxd5 12. Nxd5 Bg5 13. f4 exf4 14. Bxf4 Bxf4 15. Rxf4 Qg5 16. Kh1 Be6 17. Qd2 Rac8 18. Raf1 {0-1 (33) Lo Presti,R (1915)-Cuberli,E (2176) Vicente Lopez 2016}) 11... Bd7 12. b4 b5 {White is slightly better.} 13. Bb2 bxc4 14. Bxc4 Nb5 15. Qd3 Nxc3 16. Bxc3 Bc6 17. f3 Qb6 18. Kh1 g6 19. Be1 Qb7 20. Bh4 Nh5 21. Bxe7 $1 Qxe7 22. Rfd1 Ba4 23. Bb3 Bxb3 24. Rxb3 Qg5 25. Nd5 ({Inferior is} 25. Qxd6 Rfd8 $11) 25... Rfc8 26. Rc3 Kg7 27. a4 (27. g3 $142) 27... Qh4 (27... Nf4 $16 28. Nxf4 Qxf4) 28. Kg1 $36 {[%mdl 2048] Keeping Black busy.} (28. Nc7 $1 $18) 28... Qg5 (28... Nf4 $16 29. Nxf4 Qxf4) 29. Qc2 Qd8 30. Rc1 {[%cal Rc3c8]} Rxc3 31. Qxc3 Nf6 (31... Ra7 $16) 32. Nc7 $1 $18 {[%cal Rc7a8]} Rb8 {[#]} 33. Qc4 (33. a5 $1 $18) 33... Nh5 (33... a5 $16) 34. Nxa6 Qb6+ 35. Kf1 {a5 is the strong threat.} Ra8 36. b5 Nf4 37. Rc3 $2 (37. Rc2 $16) 37... Ra7 $2 (37... Rc8 $1 $11 {and Black has nothing to worry.} 38. Qxc8 Qd4) 38. g3 Ne6 39. Kg2 Qa5 (39... h5 $16 {was necessary.}) 40. Rd3 Qb6 41. Qc8 (41. Qd5 $18 {has better winning chances.} Rd7 42. Rd2) 41... Nd4 $16 {[#]} 42. Rd1 (42. Qc3 $1 $16) 42... h5 (42... Nxb5 $1 $11 43. axb5 Qxb5 44. Rxd6 Qe2+ 45. Kg1 (45. Kh3 Qf1+ 46. Kg4 h5+ 47. Kh4 Qxf3 $11) 45... Qe3+ 46. Kg2 Qe2+ 47. Kh3 Qf1+ 48. Kg4 h5+ 49. Kh4 Qxf3) 43. f4 (43. Qc3 $14) 43... Nxb5 $11 44. axb5 Qxb5 {White must now prevent ...Qe2+.} 45. Rxd6 Qe2+ {[%mdl 64] Double Attack} 46. Kh3 Qf1+ 47. Kh4 Qf2 $2 {[%mdl 8192]} (47... Qe2 $11) 48. Kg5 $18 {Intending Nc7 and mate.} Qxh2 49. Qc3 h4 50. Qxe5+ {White mates.} Kh7 51. g4 Qa2 52. Rd8 {[%csl Gd8][%cal Re5h8]} f6+ 53. Qxf6 {[%csl Gg5][%cal Rf6g6]} Rg7 54. Qf8 {Accuracy: White = 54%, Black = 37%.} 1-0

[Event "Silver Lake Open-A 2019"]
[Site "Veliko Gradiste"]
[Date "2019.06.23"]
[Round "9.9"]
[White "Lazov, Toni"]
[Black "Batsuren, Dambasuren"]
[Result "0-1"]
[WhiteElo "2350"]
[BlackElo "2439"]
[Annotator "TA"]
[PlyCount "58"]
[EventDate "2019.06.16"]
[EventType "swiss"]
[EventCountry "SRB"]
[SourceTitle "playchess.com"]
[Source "ChessBase"]
[SourceQuality "1"]

{[%evp 12,122,16,16,16,16,18,12,59,24,26,35,35,38,51,24,46,47,45,47,62,68,79,76,104,89,169,147,153,156,179,168,188,178,186,143,307,290,326,358,368,350,330,0,0,0,0,0,0,0,0,0,0,0,0,0,0,0,0,0,0,0,0,0,0,0,0,0,0,0,0,-12,-12,-12,-12,-8,-12,-70,0,0,0,-64,-64,-73,-73,-76,-8,-8,-8,-8,-8,-8,-8,-8,-8,-8,-8,-8,0,0,0,0,0,-10343,-9975,-12320,-11904,-5912,-5604,-5342,-5179,-29983,-29984]} 1. e4 e5 2. Nf3 Nc6 3. Bc4 Bc5 4. d3 Nf6 5. O-O O-O 6. Bg5 h6 7. Bh4 g5 {C50: Hungarian Defence and Giuoco Pianissimo} (7... Be7 8. Bg3 d6 9. a4 Be6 10. Nbd2 Bxc4 11. Nxc4 g6 12. c3 Nh5 13. Qb3 Rb8 14. Rfe1 Bf6 15. Rad1 {½-½ (40) Adhiban,B (2668)-So,W (2776) Douglas 2018}) 8. Bg3 d6 9. c3 Bg4 {The position is equal.} 10. b4 Bb6 11. h3 Bh5 12. Nbd2 Bg6 13. Kh1 $146 ({Predecessor:} 13. a4 a5 14. b5 Ne7 15. Bb3 Nh5 16. Bh2 {1-0 (27) Balana Romero,R (1794)-Valencia Ciordia,J (1600) ICCF email 2012}) 13... Kh7 14. a4 $36 {[%mdl 2048] White fights for an advantage.} a5 15. b5 Ne7 16. Ba2 Qd7 17. Nc4 Nh5 18. Bh2 f5 {[#]} (18... Rad8 $16) 19. Nfxe5 $1 {[%mdl 512]} dxe5 20. Nxe5 Qe8 21. exf5 Nxf5 22. Nxg6 ({Don't blunder} 22. g4 $2 Nfg3+ $1 {[%mdl 512]} 23. fxg3 Qxe5 $19) 22... Qxg6 23. g4 {[%mdl 64] Double Attack} Nf6 $2 {[#]} (23... Nhg3+ $16 {might work better.} 24. Bxg3 (24. fxg3 Ne3 $11) 24... Nxg3+ 25. fxg3 Kg7) 24. d4 $1 $18 ({Not} 24. gxf5 Qxf5 25. Kg2 Nd5 $14) 24... Ne4 {Hoping for ...Nh4.} 25. gxf5 Rxf5 26. Qc2 Rf3 27. Rae1 $2 ({Resist} 27. Bb1 Re8 $18) (27. Qe2 $18 Rxh3 28. Bb1) 27... Ng3+ $1 $11 28. Bxg3 {Threatening mate with Re7+.} Qxc2 29. Bb1 {[#]} Rxc3 {Played: Qc2xb1} 0-1

[Event "Silver Lake Open-A 2019"]
[Site "Veliko Gradiste"]
[Date "2019.06.23"]
[Round "9.10"]
[White "Martic, Ivan"]
[Black "Popovic, Milan S"]
[Result "1/2-1/2"]
[WhiteElo "2401"]
[BlackElo "2324"]
[Annotator "NA RC"]
[PlyCount "20"]
[EventDate "2019.06.16"]
[EventType "swiss"]
[EventCountry "SRB"]
[SourceTitle "playchess.com"]
[Source "ChessBase"]
[SourceQuality "1"]
[TimeControl "40/5400+30:900+30"]

1. d4 {[%emt 0:00:00]} c6 {[%emt 0:02:19]} 2. e4 {[%emt 0:04:29]} d5 {[%emt 0:00:05]} 3. Nd2 {[%emt 0:00:29]} dxe4 {[%emt 0:00:05]} 4. Nxe4 {[%emt 0:00:05]} Nf6 {[%emt 0:00:04]} 5. Nxf6+ {[%emt 0:00:07]} exf6 {[%emt 0:00:04]} 6. c3 {[%emt 0:02:36]} Bd6 {[%emt 0:00:05]} 7. Bd3 {[%emt 0:00:28]} O-O {[%emt 0:00:06]} 8. Qc2 {[%emt 0:00:05]} Re8+ {[%emt 0:00:04]} 9. Ne2 {[%emt 0:00:11]} h5 {[%emt 0:00:05]} 10. Be3 {[%emt 0:01:49]} Nd7 {[%emt 0:00:24]} 1/2-1/2